[Event "World Cup"]
[Site "Khanty-Mansiysk RUS"]
[Date "2019.09.12"]
[EventDate "2019.09.10"]
[Round "1.4"]
[Result "1/2-1/2"]
[White "Eltaj Safarli"]
[Black "Samuel Shankland"]
[WhiteElo "2593"]
[BlackElo "2705"]
[PlyCount "180"]

1. e4 e5 2. Nf3 Nc6 3. Bc4 Nf6 4. d4 exd4 5. e5 d5 6. Bb5 Nd7
7. O-O Be7 8. Bxc6 bxc6 9. e6 fxe6 10. Nxd4 Nb8 11. Qh5+ g6
12. Qe2 Bf6 13. Nxe6 Bxe6 14. Qxe6+ Qe7 15. Qc8+ Kf7 16. Qb7
Nd7 17. Qxc6 Qd6 18. Qxd6 cxd6 19. Nc3 Bxc3 20. bxc3 Rhc8
21. Rd1 Nb6 22. Rd3 Rc7 23. a4 Rc5 24. Ba3 Ra5 25. Bb4 Rxa4
26. Rxa4 Nxa4 27. Rxd5 Nb2 28. Rd4 a5 29. Ba3 Rb8 30. Kf1 d5
31. Bxb2 Rxb2 32. Rxd5 Rxc2 33. Rxa5 Rxc3 34. Ra7+ Kg8 35. g4
Rb3 36. Kg2 g5 37. Ra5 h6 38. h4 gxh4 39. Rh5 Kg7 40. Rxh4 Kg6
41. Rh5 Ra3 42. f3 Rb3 43. Kg3 Ra3 44. Re5 Rb3 45. Re6+ Kg7
46. Kf4 Rb5 47. Re5 Rb3 48. Rd5 Ra3 49. Ke4 Kf6 50. Rd6+ Kg5
51. Rd5+ Kf6 52. f4 Ra4+ 53. Rd4 Ra6 54. Rb4 Kg6 55. Rc4 Kf6
56. Kd5 Ra5+ 57. Rc5 Ra1 58. Rc6+ Kg7 59. Rc7+ Kf6 60. Rc6+
Kg7 61. Ke6 Re1+ 62. Kf5 Re7 63. Rg6+ Kh7 64. Re6 Rf7+ 65. Rf6
Ra7 66. Re6 Kg7 67. Rg6+ Kh7 68. Rd6 Rf7+ 69. Ke4 Kg7 70. f5
Ra7 71. Ke5 Re7+ 72. Re6 Ra7 73. Rg6+ Kh7 74. Rd6 Ra4 75. Rd7+
Kg8 76. Ke6 Re4+ 77. Kf6 Rxg4 78. Rd8+ Kh7 79. Rd7+ Kg8
80. Rd8+ Kh7 81. Ke6 Re4+ 82. Kf7 h5 83. f6 h4 84. Rd3 Rf4
85. Re3 Kh6 86. Re1 h3 87. Rh1 Kg5 88. Kg7 Kg4 89. f7 Kg3
90. f8=Q Rxf8 1/2-1/2

[Event "World Cup"]
[Site "Khanty-Mansiysk RUS"]
[Date "2019.09.12"]
[EventDate "2019.09.10"]
[Round "1.4"]
[Result "1/2-1/2"]
[White "Bassem Amin"]
[Black "M Amin Tabatabaei"]
[WhiteElo "2699"]
[BlackElo "2642"]
[PlyCount "214"]

1. Nf3 d5 2. g3 g6 3. Bg2 Bg7 4. O-O e5 5. d3 Ne7 6. e4 O-O
7. Nc3 Nbc6 8. Rb1 dxe4 9. Nxe4 a5 10. Re1 h6 11. b3 Re8
12. Bb2 Nf5 13. Qd2 b6 14. Rbd1 Bb7 15. c3 Nd6 16. Qc2 Qd7
17. a3 Rad8 18. Ned2 Nf5 19. Nc4 b5 20. Ne3 Nce7 21. Nf1 Qd6
22. N1d2 Qxd3 23. Qc1 Qd6 24. g4 Qf6 25. gxf5 Qxf5 26. Qb1 Qf4
27. Bc1 Nf5 28. Qc2 Qg4 29. h3 Qh5 30. Ne4 Nh4 31. Nxh4 Qxh4
32. f3 f5 33. Qf2 Qe7 34. Nc5 Bd5 35. b4 c6 36. bxa5 Qa7
37. a6 Ra8 38. f4 e4 39. Be3 Bxc3 40. Re2 Qg7 41. Kh1 Kh7
42. Bd4 Bxd4 43. Qxd4 Qc7 44. Qe3 Re7 45. Rb2 Qb6 46. Re1 g5
47. fxg5 f4 48. g6+ Kxg6 49. Qd4 Rae8 50. Rg1 Kh7 51. Kh2 f3
52. Bf1 Qc7+ 53. Kh1 Qf4 54. Rf2 Qf5 55. a7 Ra8 56. Na6 Raxa7
57. Nb4 Rad7 58. Qe3 Rg7 59. Rxg7+ Rxg7 60. Nxd5 cxd5 61. Rd2
Qe5 62. Bxb5 d4 63. Qxd4 Qxb5 64. Qxe4+ Rg6 65. Qxf3 Qb1+
66. Rd1 Qb5 67. Qe4 Kg7 68. Qe7+ Kh8 69. Rd8+ Rg8 70. Rxg8+
Kxg8 71. Qe6+ Kg7 72. Qg4+ Kh7 73. Qe4+ Kg7 74. a4 Qa5 75. Kg2
Qd2+ 76. Kg3 Qc3+ 77. Kg4 Qc8+ 78. Kh4 Qd8+ 79. Kg3 Qc7+
80. Qf4 Qc3+ 81. Kh4 Qa5 82. Kg4 Qc5 83. h4 Qc8+ 84. Kg3 Qc3+
85. Kh2 Qc2+ 86. Kh3 Qc5 87. Qg4+ Kf6 88. h5 Qe3+ 89. Kg2 Qd2+
90. Kf1 Qc1+ 91. Ke2 Qc2+ 92. Ke3 Qc3+ 93. Ke2 Qc2+ 94. Ke1
Qc3+ 95. Kf2 Qd2+ 96. Kg1 Qe1+ 97. Kg2 Qd2+ 98. Kg3 Qe1+
99. Kh2 Qf2+ 100. Kh3 Qf1+ 101. Kh2 Qf2+ 102. Kh3 Qf1+
103. Kg3 Qg1+ 104. Kh3 Qh1+ 105. Kg3 Qg1+ 106. Kf3 Qd1+
107. Kf4 Qxa4+ 1/2-1/2

[Event "World Cup"]
[Site "Khanty-Mansiysk RUS"]
[Date "2019.09.12"]
[EventDate "2019.09.10"]
[Round "1.4"]
[Result "1/2-1/2"]
[White "Chithambaram V R Aravindh"]
[Black "Michael Adams"]
[WhiteElo "2609"]
[BlackElo "2694"]
[PlyCount "65"]

1. d4 Nf6 2. c4 e6 3. Nc3 d5 4. cxd5 exd5 5. Bg5 c6 6. e3 Be7
7. Bd3 Nbd7 8. Qc2 Nh5 9. Bxe7 Qxe7 10. Nge2 Nb6 11. h3 g6
12. O-O-O Ng7 13. Kb1 Bf5 14. Nf4 O-O-O 15. Ka1 Kb8 16. Rc1 h5
17. Bxf5 Nxf5 18. Nd3 Nd6 19. Nc5 Nd7 20. N3a4 Nxc5 21. Nxc5
h4 22. Nd3 Qe4 23. Rhg1 Rc8 24. Qb3 Qe7 25. Rc3 Ne4 26. Rc2
Ka8 27. Rgc1 Rhd8 28. Qa4 g5 29. Qa5 Qc7 30. Qa4 Qe7 31. Qa5
Qc7 32. Qa4 Qe7 33. Qa5 1/2-1/2

[Event "World Cup"]
[Site "Khanty-Mansiysk RUS"]
[Date "2019.09.12"]
[EventDate "2019.09.10"]
[Round "1.4"]
[Result "0-1"]
[White "Abhijeet Gupta"]
[Black "Anton Korobov"]
[WhiteElo "2609"]
[BlackElo "2679"]
[PlyCount "112"]

1. d4 g6 2. c4 Bg7 3. e4 d6 4. Nf3 Bg4 5. Be2 Nc6 6. d5 Bxf3
7. Bxf3 Nd4 8. O-O c5 9. dxc6 bxc6 10. Nc3 e5 11. Be3 Ne7
12. b4 O-O 13. Rb1 Qc7 14. b5 cxb5 15. Nxb5 Qxc4 16. Bxd4 exd4
17. Nxd6 Qe6 18. Nb5 Rad8 19. Qb3 Qd7 20. Rfd1 Rc8 21. Qa3 a6
22. Qxa6 Nc6 23. Qa3 Rfd8 24. Be2 Qe6 25. Rbc1 Bh6 26. Bc4
Qxe4 27. Rb1 Ne5 28. Bf1 Rc2 29. Bd3 Nxd3 30. Qxd3 Qxd3
31. Rxd3 Bg7 32. a4 Ra2 33. Ra3 Rd2 34. a5 d3 35. a6 Rb2
36. Rd1 Rxb5 37. Kf1 Rbd5 38. a7 Ra8 39. g3 Rd7 40. Raxd3 Rxd3
41. Rxd3 Rxa7 42. Kg2 h5 43. h3 Bf8 44. Rd2 Kg7 45. Rc2 Be7
46. Rd2 h4 47. Re2 hxg3 48. fxg3 Bf6 49. h4 Ra5 50. Rf2 Be5
51. Rf3 Rc5 52. Re3 f6 53. Re4 f5 54. Re3 Kf6 55. Ra3 Rc3
56. Ra6+ Kg7 0-1

[Event "World Cup"]
[Site "Khanty-Mansiysk RUS"]
[Date "2019.09.12"]
[EventDate "2019.09.10"]
[Round "1.4"]
[Result "1-0"]
[White "David Anton Guijarro"]
[Black "Sunilduth Lyna Narayanan"]
[WhiteElo "2674"]
[BlackElo "2611"]
[PlyCount "73"]

1. c4 Nf6 2. Nf3 e6 3. g3 d5 4. Bg2 d4 5. O-O c5 6. e3 Nc6
7. exd4 cxd4 8. d3 Bd6 9. Na3 O-O 10. Nc2 e5 11. b4 Re8
12. Re1 a6 13. Bg5 Bf5 14. Nh4 Bd7 15. c5 Bf8 16. f4 exf4
17. Rxe8 Bxe8 18. Qf3 h6 19. Bxf6 Qxf6 20. Qxf4 Qxf4 21. gxf4
g6 22. Re1 Bd7 23. Bd5 Kg7 24. Nf3 Rd8 25. Kf2 a5 26. a3 Kf6
27. Ne5 Be8 28. Bxc6 bxc6 29. Re4 axb4 30. axb4 g5 31. Nxd4
gxf4 32. Nexc6 Bxc6 33. Rxf4+ Kg5 34. Nxc6 Rxd3 35. Rxf7 Bxc5+
36. bxc5 Rc3 37. Nd4 1-0

[Event "World Cup"]
[Site "Khanty-Mansiysk RUS"]
[Date "2019.09.12"]
[EventDate "2019.09.10"]
[Round "1.4"]
[Result "1-0"]
[White "Tamir Nabaty"]
[Black "Sethuraman P Sethuraman"]
[WhiteElo "2658"]
[BlackElo "2624"]
[PlyCount "73"]

1. d4 Nf6 2. Nf3 d6 3. Nbd2 g6 4. e4 Bg7 5. c3 O-O 6. a4 c5
7. dxc5 dxc5 8. Be2 Nc6 9. O-O Qc7 10. Qc2 b6 11. Nc4 Bb7
12. Bg5 Rad8 13. Rfd1 h6 14. Bh4 Nh5 15. Ne3 g5 16. Nd5 Qc8
17. Bg3 Nxg3 18. hxg3 e6 19. Ne3 Ne7 20. Rxd8 Rxd8 21. Rd1
Rxd1+ 22. Bxd1 Qc6 23. Qd3 Qxe4 24. Qd8+ Bf8 25. Bc2 Qc6
26. Ng4 Kg7 27. Nf6 Qc8 28. Nh5+ Kh8 29. Ne5 f5 30. Qd6 Bd5
31. c4 Bc6 32. Nf7+ Kh7 33. Nd8 Kg6 34. Nxe6 Kxh5 35. Ng7+
Bxg7 36. g4+ fxg4 37. Qh2# 1-0

[Event "World Cup"]
[Site "Khanty-Mansiysk RUS"]
[Date "2019.09.12"]
[EventDate "2019.09.10"]
[Round "1.4"]
[Result "1/2-1/2"]
[White "Surya Shekhar Ganguly"]
[Black "Vladimir Fedoseev"]
[WhiteElo "2658"]
[BlackElo "2664"]
[PlyCount "100"]

1. c4 c6 2. Nc3 d5 3. e3 Nf6 4. Nf3 Nbd7 5. d4 e6 6. Bd3 Be7
7. O-O b6 8. e4 dxe4 9. Nxe4 Bb7 10. Qe2 Nxe4 11. Bxe4 Nf6
12. Bc2 O-O 13. Rd1 Qc7 14. Ne5 c5 15. Bf4 Bd6 16. dxc5 Bxc5
17. Bg3 Rfd8 18. Nd7 Qc6 19. Nxf6+ gxf6 20. Qg4+ Kf8 21. Bh4
Rd4 22. Rxd4 Bxd4 23. Bxh7 Ke7 24. Rd1 Bxb2 25. f3 Qc5+
26. Kh1 Rc8 27. Qf4 Be5 28. Qd2 Bc6 29. f4 Qxc4 30. fxe5 Qxh4
31. Qd6+ Ke8 32. exf6 Qxf6 33. Be4 Bb5 34. Qg3 Kf8 35. h3 Rc5
36. Qb8+ Kg7 37. Qxa7 Be2 38. Rb1 Qf4 39. Ba8 Rc1+ 40. Rxc1
Qxc1+ 41. Kh2 Qf4+ 42. Kh1 b5 43. Qa3 Bc4 44. Qc3+ e5 45. a3
Kf6 46. Bc6 Qd4 47. Qf3+ Ke7 48. Be4 Be6 49. Kh2 Qd6 50. Qg3
Qd4 1/2-1/2

[Event "World Cup"]
[Site "Khanty-Mansiysk RUS"]
[Date "2019.09.12"]
[EventDate "2019.09.10"]
[Round "1.4"]
[Result "1-0"]
[White "Liviu Dieter Nisipeanu"]
[Black "Mircea-Emilian Parligras"]
[WhiteElo "2656"]
[BlackElo "2629"]
[PlyCount "67"]

1. Nf3 d5 2. d4 Nf6 3. g3 c6 4. Bg2 Bf5 5. O-O e6 6. c4 Nbd7
7. Nc3 Be7 8. Nh4 Bg4 9. h3 Bh5 10. g4 Bg6 11. cxd5 Nxd5
12. Nxg6 hxg6 13. e4 Nxc3 14. bxc3 Qc7 15. a4 Rd8 16. Be3 O-O
17. Qe2 Qa5 18. Rfc1 Bd6 19. e5 Be7 20. Rab1 Nb6 21. c4 Rd7
22. Bd2 Qxa4 23. Ra1 Qb3 24. Be3 Rfd8 25. Rxa7 Ba3 26. Qc2 Qb2
27. c5 Nd5 28. Bxd5 Rxd5 29. Qa4 Bb4 30. Rxb7 Rxd4 31. Qxc6
Rd1+ 32. Rxd1 Rxd1+ 33. Kg2 Qb1 34. Qf3 1-0

[Event "World Cup"]
[Site "Khanty-Mansiysk RUS"]
[Date "2019.09.12"]
[EventDate "2019.09.10"]
[Round "1.4"]
[Result "1/2-1/2"]
[White "Sandro Mareco"]
[Black "Sanan Sjugirov"]
[WhiteElo "2633"]
[BlackElo "2662"]
[PlyCount "83"]

1. e4 e5 2. Nf3 Nc6 3. Bb5 a6 4. Ba4 Nf6 5. O-O Be7 6. Re1 b5
7. Bb3 O-O 8. h3 Bb7 9. d3 d5 10. exd5 Nxd5 11. Nc3 Nxc3
12. bxc3 Bf6 13. a4 e4 14. Rxe4 Na5 15. Rg4 Nxb3 16. cxb3 Bxc3
17. Bh6 f5 18. Rg3 f4 19. Rg4 Bc8 20. Bg5 Qd5 21. Rxf4 Rxf4
22. Bxf4 Bxa1 23. Qxa1 Bxh3 24. Ne1 Bf5 25. Bxc7 b4 26. Be5
Re8 27. Bxg7 Rxe1+ 28. Qxe1 Kxg7 29. Qe7+ Kg6 30. Qxb4 Qxd3
31. Qb6+ Kf7 32. f3 Be6 33. b4 Qd1+ 34. Kh2 Qxa4 35. Qb7+ Qd7
36. Qxa6 Qc7+ 37. Kg1 Qc1+ 38. Qf1 Qe3+ 39. Qf2 Qc1+ 40. Qf1
Qe3+ 41. Qf2 Qc1+ 42. Qf1 1/2-1/2

[Event "World Cup"]
[Site "Khanty-Mansiysk RUS"]
[Date "2019.09.12"]
[EventDate "2019.09.10"]
[Round "1.4"]
[Result "1/2-1/2"]
[White "Ivan Saric"]
[Black "Benjamin Bok"]
[WhiteElo "2667"]
[BlackElo "2640"]
[PlyCount "136"]

1. e4 e5 2. Nf3 Nc6 3. Bb5 Nf6 4. d3 Bc5 5. Nc3 d6 6. Bg5 h6
7. Bh4 g5 8. Bg3 Bd7 9. Na4 Bb6 10. Nxb6 axb6 11. h4 g4
12. Nh2 Qe7 13. c3 O-O-O 14. Nf1 d5 15. Qa4 Kb8 16. Ne3 dxe4
17. dxe4 Qc5 18. O-O-O Be6 19. Bxc6 bxc6 20. Qc2 Qa5 21. a4
Nd7 22. b4 Qa6 23. Kb2 f6 24. h5 Kb7 25. Ra1 Nf8 26. Bh4 Nh7
27. a5 Qd3 28. Qxd3 Rxd3 29. Kc2 Rd7 30. Rad1 Rxd1 31. Rxd1
bxa5 32. bxa5 Ng5 33. Bxg5 fxg5 34. Kd3 Ka6 35. Nf5 Kxa5
36. Rb1 Rf8 37. Ke3 Bxf5 38. exf5 Rxf5 39. Rb8 Rf6 40. c4 Ka4
41. c5 Ka5 42. g3 Rf3+ 43. Ke2 e4 44. Rh8 e3 45. fxe3 Kb5
46. Rxh6 Rxg3 47. Rg6 Kxc5 48. Rxg5+ Kd6 49. Kd3 Rh3 50. Ke4
g3 51. Kf5 g2 52. Kg6 Rxe3 53. Rxg2 Rh3 54. h6 c5 55. Rg5 c4
56. h7 c3 57. Kg7 c2 58. Rg1 Kd5 59. Rc1 c5 60. Rxc2 c4
61. Rc3 Rxh7+ 62. Kxh7 Kd4 63. Rh3 c3 64. Kg6 c2 65. Rh1 Kd3
66. Kf5 Kd2 67. Ke4 c1=Q 68. Rxc1 Kxc1 1/2-1/2

[Event "World Cup"]
[Site "Khanty-Mansiysk RUS"]
[Date "2019.09.12"]
[EventDate "2019.09.10"]
[Round "1.4"]
[Result "1-0"]
[White "Kacper Piorun"]
[Black "Nijat Abasov"]
[WhiteElo "2660"]
[BlackElo "2632"]
[PlyCount "125"]

1. e4 c5 2. Nf3 Nc6 3. Bb5 g6 4. Bxc6 dxc6 5. d3 Nf6 6. h3 Nh5
7. Nc3 b6 8. Be3 Qc7 9. Qd2 e5 10. Ne2 h6 11. g4 Nf6 12. O-O-O
Bg7 13. Kb1 Ba6 14. g5 hxg5 15. Nxg5 O-O-O 16. f4 exf4
17. Nxf4 Rd7 18. Qg2 Nh7 19. Nf3 Nf6 20. Rhf1 c4 21. Rfe1 cxd3
22. Nxd3 Rhd8 23. e5 Nd5 24. Bg5 Re8 25. Qg4 Bxd3 26. cxd3 Kb7
27. d4 Qc8 28. Rc1 Rc7 29. Qg2 Qf5+ 30. Ka1 f6 31. exf6 Rxe1
32. Rxe1 Bxf6 33. Bxf6 Nb4 34. Rc1 Qe6 35. b3 Qxf6 36. Ne5 Qf4
37. Rd1 Qe3 38. Kb2 Rh7 39. Nc4 Qxh3 40. Qxg6 Re7 41. Rd2 Qe6
42. Qg3 Rd7 43. Ne5 Rc7 44. a3 Nd5 45. b4 Nf6 46. Qg6 Qe7
47. Rf2 Nd7 48. Nc4 a6 49. Nd6+ Ka7 50. Nc4 b5 51. Na5 Qe3
52. Rc2 Qxd4+ 53. Kb1 Ne5 54. Qg3 Qd1+ 55. Kb2 Qd4+ 56. Ka2
Qd5+ 57. Nb3 Rd7 58. Rc5 Qd1 59. Qxe5 Rf7 60. Qe3 Rf3 61. Qe7+
Kb6 62. Rxc6+ Kxc6 63. Na5+ 1-0

[Event "World Cup"]
[Site "Khanty-Mansiysk RUS"]
[Date "2019.09.12"]
[EventDate "2019.09.10"]
[Round "1.4"]
[Result "1/2-1/2"]
[White "Alexandr Predke"]
[Black "Alexey Sarana"]
[WhiteElo "2657"]
[BlackElo "2651"]
[PlyCount "160"]

1. d4 Nf6 2. c4 b6 3. Nc3 Bb7 4. Qc2 e6 5. e4 d6 6. Nf3 Nbd7
7. Bd3 Be7 8. O-O e5 9. Qe2 O-O 10. Bc2 Re8 11. d5 a6 12. Be3
Nh5 13. g3 g6 14. b4 Rf8 15. Nd2 Ng7 16. Nb3 f5 17. exf5 Nxf5
18. Ne4 Nxe3 19. fxe3 Nf6 20. Nxf6+ Bxf6 21. Be4 Bc8 22. Rf2
a5 23. b5 a4 24. Nd2 a3 25. Raf1 Qe7 26. Qd3 Bd7 27. Bg2 Bg7
28. Rxf8+ Bxf8 29. Ne4 Bf5 30. Qe2 Ra4 31. Rb1 Bh6 32. h4 Kh8
33. Kh2 Bg7 34. Rb3 Bf6 35. Nxf6 Qxf6 36. e4 Bd7 37. Bh3 Bxh3
38. Kxh3 Kg7 39. Rf3 Qd8 40. Qc2 Qa8 41. Qc3 h6 42. Kg2 Qa5
43. Qxa5 Rxa5 44. g4 Ra4 45. Rc3 Kf6 46. Kf3 Rb4 47. Kg3 Ke7
48. Kf3 Kd7 49. Kg3 Ke8 50. Kf3 Ke7 51. Kg3 Rb1 52. Rxa3 Rc1
53. Ra4 Rc3+ 54. Kf2 h5 55. gxh5 gxh5 56. Ra7 Rxc4 57. Ke3 Kd7
58. a4 Rc3+ 59. Kd2 Ra3 60. a5 Rxa5 61. Rxa5 bxa5 62. Kc3 Kc8
63. Kb3 Kb7 64. Ka3 Ka7 65. Kb3 Kb6 66. Ka4 Kc5 67. Kxa5 Kd4
68. Ka6 Kxe4 69. Kb7 Kxd5 70. Kxc7 e4 71. b6 e3 72. b7 e2
73. b8=Q e1=Q 74. Qb5+ Kd4 75. Qa4+ Kd3 76. Qb3+ Kd4 77. Qa4+
Ke3 78. Qe8+ Kf2 79. Qxe1+ Kxe1 80. Kxd6 Kf2 1/2-1/2

[Event "World Cup"]
[Site "Khanty-Mansiysk RUS"]
[Date "2019.09.12"]
[EventDate "2019.09.10"]
[Round "1.4"]
[Result "1/2-1/2"]
[White "Constantin Lupulescu"]
[Black "Igor Viktorovich Kovalenko"]
[WhiteElo "2643"]
[BlackElo "2674"]
[PlyCount "176"]

1. e4 c5 2. Nf3 e6 3. d4 cxd4 4. Nxd4 Nf6 5. Nc3 Nc6 6. a3 Be7
7. Nxc6 bxc6 8. e5 Nd5 9. Qg4 g6 10. Qg3 Rb8 11. Ne4 Qa5+
12. Bd2 Qa4 13. Bd3 Ba6 14. O-O Bxd3 15. Qxd3 Rxb2 16. c4 Rb3
17. Qe2 f5 18. exf6 Nxf6 19. Bc3 Nxe4 20. Bxh8 Nd6 21. Rfc1
Rxa3 22. c5 Nf5 23. Qb2 Rxa1 24. Qxa1 Qe4 25. Qe5 Qb4 26. Qc3
Qe4 27. Qe5 Qb4 28. h3 Bg5 29. Ra1 a5 30. Bf6 Bf4 31. Qc3 Kf7
32. Rd1 d5 33. cxd6 Bxd6 34. Bh8 Qxc3 35. Bxc3 Ke7 36. Bxa5 h5
37. Bc3 e5 38. Re1 Kf6 39. g3 c5 40. Kg2 Bc7 41. Ra1 Ke6
42. Ra8 Ne7 43. Ra6+ Bd6 44. Bd2 Nd5 45. Ra4 Nb6 46. Re4 Kd5
47. Re1 c4 48. Rd1 Bc5 49. f4 Bd4 50. fxe5 Kxe5 51. Bf4+ Ke4
52. Re1+ Kd5 53. Re8 c3 54. Rg8 c2 55. Kf3 Nc4 56. Ke2 h4
57. gxh4 Ke4 58. Bc1 Ne5 59. Re8 Kf5 60. Rc8 Bb6 61. Rxc2 Bd8
62. Bg5 Bxg5 63. hxg5 Kxg5 64. Kf2 Kf4 65. Ra2 g5 66. Ra4+ Kf5
67. Kg3 Nd7 68. Ra5+ Kg6 69. Ra6+ Nf6 70. Kf3 Kf5 71. Ra8 Kg6
72. Ke3 Nd5+ 73. Ke4 Nf6+ 74. Ke5 Nd7+ 75. Kd6 Nf6 76. Ke6 g4
77. Rf8 gxh3 78. Rxf6+ Kg5 79. Rf8 Kg4 80. Ke5 h2 81. Rh8 Kg3
82. Ke4 Kg2 83. Rg8+ Kf2 84. Rf8+ Kg2 85. Rg8+ Kf2 86. Rh8 Kg2
87. Ke3 h1=Q 88. Rxh1 Kxh1 1/2-1/2

[Event "World Cup"]
[Site "Khanty-Mansiysk RUS"]
[Date "2019.09.12"]
[EventDate "2019.09.10"]
[Round "1.5"]
[Result "1-0"]
[White "Eltaj Safarli"]
[Black "Samuel Shankland"]
[WhiteElo "2593"]
[BlackElo "2705"]
[PlyCount "89"]

1. e4 e5 2. Nf3 Nc6 3. Bc4 Nf6 4. d4 exd4 5. e5 d5 6. Bb5 Nd7
7. O-O Be7 8. Bxc6 bxc6 9. e6 fxe6 10. Nxd4 Nb8 11. Qh5+ g6
12. Qe2 e5 13. Qxe5 O-O 14. Ne6 Bf6 15. Qe3 Bxe6 16. Qxe6+ Kg7
17. Qh3 Re8 18. Bh6+ Kg8 19. Nd2 Nd7 20. Rae1 Ne5 21. Bf4 Qc8
22. Qc3 Qe6 23. Nb3 Qd6 24. Qg3 c5 25. Nxc5 Qxc5 26. Bxe5 Bxe5
27. Rxe5 Qxc2 28. Rxd5 Rad8 29. Rxd8 Rxd8 30. h4 Qxb2 31. Qxc7
Qd4 32. h5 gxh5 33. Re1 Rf8 34. Qg3+ Kh8 35. Qe5+ Qxe5
36. Rxe5 h4 37. Ra5 Rf7 38. Ra3 Kg7 39. f3 Kf6 40. Kh2 Ke5
41. Ra4 Kf5 42. Rxh4 Kg5 43. Rg4+ Kf5 44. Kg3 h5 45. Rf4+ 1-0

[Event "World Cup"]
[Site "Khanty-Mansiysk RUS"]
[Date "2019.09.12"]
[EventDate "2019.09.10"]
[Round "1.5"]
[Result "1/2-1/2"]
[White "Chithambaram V R Aravindh"]
[Black "Michael Adams"]
[WhiteElo "2609"]
[BlackElo "2694"]
[PlyCount "94"]

1. d4 Nf6 2. c4 e6 3. Nc3 d5 4. cxd5 exd5 5. Bg5 c6 6. e3 Be7
7. Bd3 Nbd7 8. Qc2 Nh5 9. Bxe7 Qxe7 10. O-O-O Nb6 11. Kb1 g6
12. Nge2 Ng7 13. Ng3 Be6 14. Ka1 O-O-O 15. Rc1 Kb8 16. Na4
Nxa4 17. Qxa4 Bd7 18. Rc3 b6 19. Ra3 Be8 20. Qc2 Ne6 21. Rc1
Rc8 22. Rc3 Bd7 23. Ne2 Rc7 24. Rb1 h5 25. b4 Qd6 26. h3 h4
27. Nc1 Rh5 28. Bf1 Ng5 29. Nd3 Ne4 30. Rcb3 Bf5 31. Rc1 Rh8
32. Ne5 c5 33. bxc5 Nxc5 34. dxc5 Qxe5+ 35. Qb2 Qxb2+ 36. Kxb2
Kb7 37. cxb6 Rxc1 38. bxa7+ Kxa7 39. Kxc1 Rc8+ 40. Kd2 Rc2+
41. Kd1 Rxa2 42. Bd3 Rxf2 43. Bxf5 Rxf5 44. Ke2 Rg5 45. Kf2
Rf5+ 46. Ke2 Rg5 47. Kf2 Rf5+ 1/2-1/2

[Event "World Cup"]
[Site "Khanty-Mansiysk RUS"]
[Date "2019.09.12"]
[EventDate "2019.09.10"]
[Round "1.5"]
[Result "1-0"]
[White "Anton Korobov"]
[Black "Abhijeet Gupta"]
[WhiteElo "2679"]
[BlackElo "2609"]
[PlyCount "121"]

1. d4 Nf6 2. c4 g6 3. g3 c6 4. Bg2 d5 5. Qa4 dxc4 6. Qxc4 Bg7
7. Nf3 O-O 8. O-O Bf5 9. Nc3 Nbd7 10. Re1 Ne4 11. e3 Qa5
12. Nh4 Nb6 13. Qb3 Be6 14. Qc2 Nxc3 15. bxc3 Bd5 16. e4 Bc4
17. Nf3 c5 18. Bd2 Rac8 19. a4 Qa6 20. a5 Nd7 21. Qb2 cxd4
22. cxd4 Nc5 23. Re3 Rfd8 24. Bc3 Nd3 25. Qd2 Bh6 26. h4 Bb5
27. Ng5 f6 28. Bf1 fxg5 29. Bxd3 gxh4 30. Qa2+ Bc4 31. Rf3
hxg3 32. fxg3 Qe6 33. Bxc4 Qxc4 34. Qxc4+ Rxc4 35. Rb1 Rdc8
36. Rb3 b5 37. axb6 axb6 38. Bb2 e5 39. dxe5 Rxe4 40. Kf1 Rc6
41. Ra3 Bc1 42. Ra8+ Kg7 43. Bc3 Kh6 44. Kg2 Re2+ 45. Kh3 b5
46. Rb8 Re3 47. Rxe3 Bxe3 48. Bb4 Rb6 49. Re8 Kg7 50. e6 Bg5
51. Kg4 h6 52. Bc3+ Bf6 53. Re7+ Kf8 54. Rf7+ Ke8 55. Rxf6 b4
56. Bb2 Rc6 57. Rxg6 Ke7 58. Rxh6 Rc2 59. Be5 b3 60. Kf5 Rf2+
61. Bf4 1-0

[Event "World Cup"]
[Site "Khanty-Mansiysk RUS"]
[Date "2019.09.12"]
[EventDate "2019.09.10"]
[Round "1.5"]
[Result "0-1"]
[White "Surya Shekhar Ganguly"]
[Black "Vladimir Fedoseev"]
[WhiteElo "2658"]
[BlackElo "2664"]
[PlyCount "68"]

1. c4 c6 2. Nc3 d5 3. e3 Nf6 4. Nf3 a6 5. d4 Bf5 6. Ne5 Nbd7
7. Qb3 Qc7 8. cxd5 Nxe5 9. dxe5 Nxd5 10. Bc4 e6 11. e4 Nxc3
12. exf5 Nd5 13. Bxd5 cxd5 14. O-O Bc5 15. Bf4 Qb6 16. Qg3 g6
17. f6 Rc8 18. Rfd1 h5 19. h4 Kd7 20. a3 Bd4 21. Rd2 Bxb2
22. Rad1 Rc3 23. Be3 Qb3 24. Qh3 Kc6 25. Rd4 Bxa3 26. Kh2 Bc5
27. Qf3 Bxd4 28. Rxd4 Rc4 29. Qf4 a5 30. Bc1 a4 31. Qd2 Rxd4
32. Qxd4 Qc4 33. Qa1 b5 34. Be3 Ra8 0-1

[Event "World Cup"]
[Site "Khanty-Mansiysk RUS"]
[Date "2019.09.12"]
[EventDate "2019.09.10"]
[Round "1.5"]
[Result "0-1"]
[White "Kacper Piorun"]
[Black "Nijat Abasov"]
[WhiteElo "2660"]
[BlackElo "2632"]
[PlyCount "76"]

1. e4 c5 2. Nf3 Nc6 3. Bb5 Nf6 4. Nc3 Qc7 5. O-O e5 6. d3 d6
7. Nd2 a6 8. Bc4 b5 9. Nd5 Nxd5 10. Bxd5 Be7 11. a4 Rb8
12. axb5 axb5 13. c3 O-O 14. Re1 Nd8 15. Nf1 Kh8 16. f4 exf4
17. Bxf4 Ne6 18. Bg3 Bf6 19. Ne3 Be5 20. Qf3 b4 21. Nc4 bxc3
22. bxc3 f6 23. Ra3 Ng5 24. Qe3 Be6 25. Bxe5 dxe5 26. Rea1 Qd8
27. Qxc5 Rc8 28. Qd6 Qe8 29. h4 Bxd5 30. exd5 Nh3+ 31. gxh3
Qg6+ 32. Kh2 Qxd3 33. Rg1 Qxc4 34. Qe7 Rg8 35. Ra7 Rb8 36. Qa3
Rb3 37. Rgxg7 Qe2+ 38. Kh1 Rb1+ 0-1

[Event "World Cup"]
[Site "Khanty-Mansiysk RUS"]
[Date "2019.09.12"]
[EventDate "2019.09.10"]
[Round "1.6"]
[Result "1-0"]
[White "Yu Yangyi"]
[Black "Ehsan Ghaem Maghami"]
[WhiteElo "2763"]
[BlackElo "2544"]
[PlyCount "83"]

1. e4 e5 2. Nf3 Nf6 3. Nxe5 d6 4. Nf3 Nxe4 5. d4 d5 6. Bd3 Be7
7. O-O Bf5 8. Ne5 Nd7 9. Nc3 Nxc3 10. bxc3 Bxd3 11. cxd3 O-O
12. Rb1 Nxe5 13. dxe5 b6 14. Be3 f6 15. d4 Qd7 16. f4 fxe5
17. dxe5 Rad8 18. Qd3 Qe6 19. Rbe1 g6 20. h3 h5 21. a4 c5
22. Rd1 Qf5 23. Qxf5 gxf5 24. g4 Kg7 25. Kg2 Kg6 26. Kf3 Rh8
27. gxf5+ Kxf5 28. Rg1 Rhg8 29. Rxg8 Rxg8 30. Rxd5 Bh4 31. e6+
Kxe6 32. Re5+ Kf7 33. Rxh5 Bf6 34. c4 Kg6 35. Rd5 Rh8 36. Kg4
Re8 37. f5+ Kf7 38. Rd7+ Kg8 39. Bg5 Bxg5 40. Kxg5 Re3
41. Rxa7 Rc3 42. Rb7 1-0

[Event "World Cup"]
[Site "Khanty-Mansiysk RUS"]
[Date "2019.09.12"]
[EventDate "2019.09.10"]
[Round "1.6"]
[Result "1/2-1/2"]
[White "Michael Adams"]
[Black "Chithambaram V R Aravindh"]
[WhiteElo "2694"]
[BlackElo "2609"]
[PlyCount "89"]

1. e4 e5 2. Nf3 Nc6 3. Bb5 a6 4. Ba4 Nf6 5. d3 Bc5 6. Bxc6
dxc6 7. Nbd2 Be6 8. O-O Nd7 9. Nb3 Bb6 10. Ng5 Bxb3 11. axb3
f6 12. Nf3 Nc5 13. Nd2 Ne6 14. Nc4 O-O 15. b4 c5 16. Bd2 Qe7
17. bxc5 Bxc5 18. Qb1 Kh8 19. b4 Bd6 20. Qb2 c6 21. Nxd6 Qxd6
22. Be3 Rad8 23. Ra3 Rf7 24. Rd1 h6 25. g3 f5 26. Ra5 b5
27. exf5 Rxf5 28. Rxa6 Qd5 29. Qa1 Qf3 30. Rf1 Nc7 31. Ra7 Nd5
32. Ra8 Rxa8 33. Qxa8+ Kh7 34. Qxc6 e4 35. Qc5 Rh5 36. Qd4 Nf6
37. Ra1 Rd5 38. Qb6 exd3 39. cxd3 Rxd3 40. Qc5 Ne4 41. Qc2 Rd2
42. Bxd2 Qxf2+ 43. Kh1 Qf3+ 44. Kg1 Qf2+ 45. Kh1 1/2-1/2

[Event "World Cup"]
[Site "Khanty-Mansiysk RUS"]
[Date "2019.09.12"]
[EventDate "2019.09.10"]
[Round "1.6"]
[Result "0-1"]
[White "Lu Shanglei"]
[Black "Boris Gelfand"]
[WhiteElo "2602"]
[BlackElo "2686"]
[PlyCount "120"]

1. e4 e5 2. Bc4 Nf6 3. d3 c6 4. Nf3 d5 5. Bb3 Bd6 6. exd5 cxd5
7. Bg5 Nc6 8. O-O Be6 9. Re1 Bc7 10. Ba4 Qb8 11. Nc3 O-O
12. Bxf6 gxf6 13. Nh4 Kh8 14. Ne2 Rg8 15. c3 Rg4 16. Nf3 Qf8
17. Ng3 Qh6 18. Bxc6 bxc6 19. Nd4 Rag8 20. Nxc6 Qf8 21. Qf3
Rf4 22. Qe2 Qd6 23. Nb4 f5 24. Qh5 Rfg4 25. Nxf5 Rxg2+ 26. Kf1
Bxf5 27. Qxf5 Bb6 28. d4 exd4 29. Nd3 dxc3 30. Ne5 Rg1+
31. Ke2 Rxe1+ 32. Rxe1 Qe6 33. Qxe6 fxe6 34. bxc3 Bc7 35. Nf3
Kg7 36. Rg1+ Kf8 37. Rxg8+ Kxg8 38. h3 h6 39. Nd4 Kf7 40. Nc6
Bb6 41. a4 Ke8 42. f3 Kd7 43. Ne5+ Ke7 44. Kd3 a5 45. c4 Bc7
46. Nc6+ Kd6 47. cxd5 Kxd5 48. Ne7+ Kc5 49. Ng6 Kb4 50. h4
Kxa4 51. Kc4 Ka3 52. h5 Kb2 53. Kb5 Kb3 54. Nf8 a4 55. Nxe6 a3
56. Nc5+ Kc2 57. Kc4 a2 58. Nb3 Kb2 59. Kb4 Bf4 60. Kc4 Bd6
0-1